000 00634nam a2200241Ia 4500
003 OSt
005 20220918175048.0
006 a|||||r|||| 00| 0
007 ta
008 220917b |||||||| |||| 00| 0 eng d
024 _a15,480
037 _cTextual
040 _aARTS
_cARTS
_beng
041 _2eng
_aeng
082 _aO111:g(P), M4
100 _aGloversmith Frank ed
_952747
245 0 _aTheory of reading
260 _aSussex
_bHarvester
_c1984
300 _axvii,246p.
_ccm.
650 _aENGLISH LITERATURE
942 _hO111:g(P), M4
_cTEXL
_2CC
999 _c155878
_d155878